| 000 | 00640nam a2200217 u 4500 | ||
|---|---|---|---|
| 005 | 20240831063725.0 | ||
| 008 | 090520s2005 es r 000 0 spa d | ||
| 020 | _a8439283741 | ||
| 035 | _aUPN01000170539 | ||
| 049 | _aI | ||
| 050 | 4 |
_aPZ78 _bP8.3 |
|
| 100 | 1 |
_aPuerto, Carlos, _d1942- _930387 |
|
| 245 | 1 | 0 |
_aAlgo se mueve en la oscuridad / _cCarlos Puerto ; il. David Aja. |
| 260 |
_aMadrid : _bGaviota, _c2005. |
||
| 300 |
_a154 p. : _bil. col. |
||
| 440 | 4 |
_aLos invisibles ; _v3 |
|
| 650 | 4 |
_aCuentos infantiles españoles _97725 |
|
| 650 | 0 |
_aCuentos policíacos y de misterio _92405 |
|
| 905 | _aInfantil | ||
| 999 |
_c142644 _d142644 |
||